000
00324nam a2200121Ia 4500
008
220204s9999 xx 000 0 und d
020
_a
9780824306649
082
_a
581.1
_b
ANN.64
100
_a
Merchant, S S
245
0
_a
Annual review of plant biology. V.64.2013
260
_a
California
_b
Annual Reviews
_c
2013
942
_c
BK
999
_c
43113
_d
43113